Which Clickable Game? Quiz Stats

 Plays Quiz not verified by Sporcle

Score 0/20 Timer 03:00
0 Plays Today
% Correct
Click a Prefix
94.5%
Is That Really an Instrument?
94%
Classic Clickable Jokes
93.1%
2012 Summer Olympics Minefield
92.6%
Best Picture Bonanza
91.7%
Click a Bro
91.7%
Clickable 1-100 Mines
91.2%
Spanish Color Flashcards
90.8%
Spanish: Body Parts Match
90.3%
Capitals of the World (Redux)
89.4%
% Correct
Exploding Elements
89.4%
Risky Clicking: Biggest States A-Z
87.6%
Click or be Killed!!!
86.2%
Clickable Matching Pairs
84.8%
Which Clickable Game?
84.8%
State Capital Danger Zone
83.4%
Countries of the World (Redux)
82.5%
Around the World in 60 Clicks
82.5%
Populous Country Danger Zone
78.8%
Test Your Memory
78.3%

You're not logged in!

Compare scores with friends on all Sporcle quizzes.
OR
Log In

You Might Also Like...

Show Comments

Extras

Top Quizzes Today


Score Distribution

Your Account Isn't Verified!

In order to create a playlist on Sporcle, you need to verify the email address you used during registration. Go to your Sporcle Settings to finish the process.

Report this User

Report this user for behavior that violates our Community Guidelines.

Details: